| 000 | 00811nam a22002057a 4500 | ||
|---|---|---|---|
| 003 | BD-DhUL | ||
| 005 | 20160904151410.0 | ||
| 008 | 160904b xxu||||| |||| 00| 0 eng d | ||
| 020 | _a9789843353535 | ||
| 040 |
_aBD-DhUL _cBD-DhUL |
||
| 082 | 0 |
_a956.015 _bKAM |
|
| 100 | 1 | _aকাউসার, এম এ | |
| 245 | 1 |
_aমধ্যপ্রাচ্যের ইতিহাস (ঊনিশ ও বিশ শতক) / _cকাউসার, এম এ |
|
| 260 |
_aকলকাতা : _bবিশ্ববিদ্যালয়, _c২০১২ । |
||
| 300 |
_a৩২০ পৃ : _bচিত্র ; _c২৩ সে. মি. |
||
| 500 | _aনিঘর্ন্ট সম্বলিত। | ||
| 650 | 1 | _aমধ্যপ্রাচ্য - ইতিহাস | |
| 650 | 1 | _aHistory | |
| 942 |
_2ddc _cBK |
||
| 999 |
_c103937 _d103937 |
||